| 000 | 00625cam a22001932 4500 | ||
|---|---|---|---|
| 001 | 0000003449 | ||
| 005 | 20151217161133.0 | ||
| 008 | 070507s xx 000 0 eng d | ||
| 040 |
_aKABU _cKABU |
||
| 050 | 0 |
_aKF4549 _b.S53 |
|
| 100 | 1 |
_aShanor, Charles A. _@0000153388 |
|
| 245 | 1 | 0 |
_aAmerican constitutional law : _bstructure and reconstruction : cases, notes and problems. |
| 260 |
_aSt. Paul, Minn. : _bWest Group, _c2001. |
||
| 300 | _aixl, 842 p. | ||
| 650 | 0 |
_aConstitutional law _zUnited States. _xCases. _@0000153387 |
|
| 908 | _a070507 | ||
| 950 | _@1 | ||
| 999 |
_c14942 _d14942 |
||